Statistics for Sports Stars by Picture & Letter - 'B'

Click here to take the quiz!

General Stats

  • This quiz has been taken 74 times
  • The average score is 10 of 20

Answer Stats

Answer% Correct
Usain Bolt
98%
Tom Brady
80%
David Beckham
79%
Kobe Bryant
79%
Simone Biles
74%
George Best
69%
Bjorn Borg
67%
Boris Becker
67%
Larry Bird
62%
Franz Beckenbauer
52%
Seve Ballesteros
46%
Marco van Basten
44%
Donald Bradman
39%
Sergey Bubka
38%
Ian Botham
28%
Richie Benaud
20%
Allan Border
18%
Mutaz Barshim
15%
Aitana Bonmati
10%
Layne Beachley
7%

Score Distribution

Percentile by Number Answered

Percent of People with Each Score

Your Score History

You have not taken this quiz